<?xml version="1.0" encoding="UTF-8"?>
<record
    xmlns:xsi="http://www.w3.org/2001/XMLSchema-instance"
    xsi:schemaLocation="http://www.loc.gov/MARC21/slim http://www.loc.gov/standards/marcxml/schema/MARC21slim.xsd"
    xmlns="http://www.loc.gov/MARC21/slim">

  <leader>00481nam a22001457a 4500</leader>
  <controlfield tag="005">20250903145141.0</controlfield>
  <controlfield tag="008">240302b        |||||||| |||| 00| 0 eng d</controlfield>
  <datafield tag="040" ind1=" " ind2=" ">
    <subfield code="c">ddc</subfield>
  </datafield>
  <datafield tag="100" ind1=" " ind2=" ">
    <subfield code="a">Priyanka M and Ambika V D </subfield>
  </datafield>
  <datafield tag="240" ind1=" " ind2=" ">
    <subfield code="a">Bhakshya Ilachedikalum Nattarivum</subfield>
    <subfield code="h">&#xD2E;&#xD32;&#xD2F;&#xD3E;&#xD33;&#xD02;</subfield>
  </datafield>
  <datafield tag="245" ind1=" " ind2=" ">
    <subfield code="a">&#xD2D;&#xD15;&#xD4D;&#xD37;&#xD4D;&#xD2F; &#xD07;&#xD32;&#xD1A;&#xD4D;&#xD1A;&#xD46;&#xD1F;&#xD3F;&#xD15;&#xD33;&#xD41;&#xD02; &#xD28;&#xD3E;&#xD1F;&#xD4D;&#xD1F;&#xD31;&#xD3F;&#xD35;&#xD41;&#xD15;&#xD33;&#xD41;&#xD02;  </subfield>
  </datafield>
  <datafield tag="260" ind1=" " ind2=" ">
    <subfield code="a">Thiruvananthapuram</subfield>
    <subfield code="b">Thanal</subfield>
    <subfield code="c">2012</subfield>
  </datafield>
  <datafield tag="300" ind1=" " ind2=" ">
    <subfield code="a">91p;</subfield>
  </datafield>
  <datafield tag="942" ind1=" " ind2=" ">
    <subfield code="2">ddc</subfield>
    <subfield code="c">REF</subfield>
  </datafield>
  <datafield tag="999" ind1=" " ind2=" ">
    <subfield code="c">372807</subfield>
    <subfield code="d">372807</subfield>
  </datafield>
  <datafield tag="952" ind1=" " ind2=" ">
    <subfield code="0">0</subfield>
    <subfield code="1">0</subfield>
    <subfield code="2">ddc</subfield>
    <subfield code="4">0</subfield>
    <subfield code="7">1</subfield>
    <subfield code="8">REF</subfield>
    <subfield code="a">KAUCOAV</subfield>
    <subfield code="b">KAUCOAV</subfield>
    <subfield code="c">REF</subfield>
    <subfield code="d">2024-03-02</subfield>
    <subfield code="e">Gratis</subfield>
    <subfield code="l">0</subfield>
    <subfield code="p">KAU_COAV-F2423</subfield>
    <subfield code="r">2024-03-02 00:00:00</subfield>
    <subfield code="w">2024-03-02</subfield>
    <subfield code="y">REF</subfield>
  </datafield>
</record>
